[Event "GER-ch Net blitz sf"]
[Site "Playchess.com INT"]
[Date "2021.06.05"]
[Round "4"]
[White "Brunke, Pascal"]
[Black "Hausrath, Daniel"]
[Result "0-1"]
[WhiteElo "2124"]
[BlackElo "2817"]
[PlyCount "62"]
[EventDate "2021.06.05"]
[EventType "swiss (blitz)"]
[EventRounds "13"]
[EventCountry "GER"]
[SourceTitle "EXT 2023"]
[Source "ChessBase"]
[SourceDate "2022.10.05"]
[SourceVersion "1"]
[SourceVersionDate "2022.10.05"]
[SourceQuality "1"]

1. e4 g6 2. d4 Bg7 3. Nc3 d6 4. Be3 a6 5. Qd2 b5 6. f3 Nd7 7. h4 h6 8. g4 e6 9. Nge2 Nb6 10. Ng3 Ne7 11. h5 g5 12. f4 gxf4 13. Bxf4 Nc6 14. Be3 e5 15. d5 Nd4 16. Nf5 Nf3+ 17. Ke2 Nxd2 18. Nxg7+ Kf8 19. Nf5 Bxf5 20. exf5 Ndc4 21. Bc1 b4 22. Ne4 Nxd5 23. Kf3 Ncb6 24. g5 hxg5 25. Bxg5 f6 26. Bd2 Qd7 27. Ng3 Nc4 28. Bxc4 Qc6 29. Bd3 Nf4+ 30. Ke3 Qg2 31. Ne4 Nd5# 0-1

[Event "GER-ch Net blitz sf"]
[Site "Playchess.com INT"]
[Date "2021.06.05"]
[Round "13"]
[White "Brunke, Pascal"]
[Black "Kollars, Dmitrij"]
[Result "1-0"]
[WhiteElo "2124"]
[BlackElo "2358"]
[PlyCount "61"]
[EventDate "2021.06.05"]
[EventType "swiss (blitz)"]
[EventRounds "13"]
[EventCountry "GER"]
[SourceTitle "EXT 2023"]
[Source "ChessBase"]
[SourceDate "2022.10.05"]
[SourceVersion "1"]
[SourceVersionDate "2022.10.05"]
[SourceQuality "1"]

1. e4 e5 2. Nf3 Nc6 3. Bc4 Nf6 4. d3 Bc5 5. c3 d6 6. Bb3 0-0 7. 0-0 a5 8. h3 Be6 9. Bc2 d5 10. Nbd2 Re8 11. Re1 h6 12. Qe2 a4 13. a3 b5 14. Nf1 dxe4 15. dxe4 Bc4 16. Qd2 Qe7 17. Rd1 Rad8 18. Qe1 Rxd1 19. Qxd1 Nh5 20. Qe1 Qf6 21. Ne3 Be6 22. Nd5 Qd8 23. Be3 Bxe3 24. Nxe3 Nf4 25. Rd1 Qf6 26. Nd5 Qg6 27. Nxf4 exf4 28. Kh2 Qh5 29. Nd4 Ne5 30. Qd2 Qf3 31. Nxf3 1-0

[Event "GER-ch Net blitz sf"]
[Site "Playchess.com INT"]
[Date "2021.06.05"]
[Round "11"]
[White "Brunke, Pascal"]
[Black "Michel, Steffen"]
[Result "1-0"]
[WhiteElo "2124"]
[BlackElo "2104"]
[PlyCount "59"]
[EventDate "2021.06.05"]
[EventType "swiss (blitz)"]
[EventRounds "13"]
[EventCountry "GER"]
[SourceTitle "EXT 2023"]
[Source "ChessBase"]
[SourceDate "2022.10.05"]
[SourceVersion "1"]
[SourceVersionDate "2022.10.05"]
[SourceQuality "1"]

1. e4 c5 2. Nc3 g6 3. d4 Bg7 4. dxc5 Qa5 5. Nf3 a6 6. Bd3 Qxc5 7. 0-0 Nc6 8. Nd5 Nd4 9. Nxd4 Bxd4 10. c3 Be5 11. Be3 Qc6 12. f4 Bc7 13. Nxc7+ Qxc7 14. Bd4 f6 15. e5 d5 16. exf6 exf6 17. Qf3 Be6 18. Rae1 Kf7 19. Rxe6 Kxe6 20. Re1+ Kf7 21. Qxd5+ Kg7 22. f5 Rd8 23. Qe6 Rd6 24. Qe3 Nh6 25. Qg3 Rd7 26. Qh4 g5 27. Qxg5+ Kf8 28. Qxh6+ Rg7 29. Qxf6+ Kg8 30. Re8# 1-0

[Event "GER-ch Net blitz sf"]
[Site "Playchess.com INT"]
[Date "2021.06.05"]
[Round "6"]
[White "Ritscher, Jan Paul"]
[Black "Brunke, Pascal"]
[Result "0-1"]
[WhiteElo "2057"]
[BlackElo "2124"]
[PlyCount "82"]
[EventDate "2021.06.05"]
[EventType "swiss (blitz)"]
[EventRounds "13"]
[EventCountry "GER"]
[SourceTitle "EXT 2023"]
[Source "ChessBase"]
[SourceDate "2022.10.05"]
[SourceVersion "1"]
[SourceVersionDate "2022.10.05"]
[SourceQuality "1"]

1. d4 f5 2. c4 Nf6 3. Nf3 g6 4. b4 Bg7 5. Bb2 0-0 6. Qb3 d6 7. Nbd2 c6 8. e3 Qc7 9. Bd3 Kh8 10. 0-0 a6 11. e4 fxe4 12. Nxe4 Nxe4 13. Bxe4 Nd7 14. d5 e5 15. dxe6 Nf6 16. Rfe1 Bxe6 17. Bxg6 Bxc4 18. Qxc4 hxg6 19. Qh4+ Kg8 20. Ng5 Rfe8 21. Ne6 Qe7 22. Bc3 Nd5 23. Qxe7 Rxe7 24. Nxg7 Rxe1+ 25. Rxe1 Nxc3 26. Re7 a5 27. Rxb7 axb4 28. Ne6 Rxa2 29. h4 c5 30. Nf4 Ne2+ 31. Nxe2 Rxe2 32. f3 Rb2 33. Kh2 c4 34. Kg3 c3 35. Rc7 d5 36. Kf4 d4 37. Ke4 Rd2 38. Ke5 d3 39. Kf6 Ra2 40. g4 Ra6+ 41. Kg5 d2 0-1

[Event "GER-ch Net blitz qual4"]
[Site "Playchess.com INT"]
[Date "2021.05.10"]
[Round "9"]
[White "Eilers, Stefan"]
[Black "Brunke, Pascal"]
[Result "1/2-1/2"]
[WhiteElo "2223"]
[BlackElo "2068"]
[PlyCount "87"]
[EventDate "2021.05.10"]
[EventType "swiss (blitz)"]
[EventRounds "11"]
[EventCountry "GER"]
[SourceTitle "CBM 202 Extra"]
[Source "ChessBase"]
[SourceDate "2021.07.31"]
[SourceVersion "1"]
[SourceVersionDate "2021.07.31"]
[SourceQuality "1"]

1. d4 f5 2. Nc3 Nf6 3. Bg5 e6 4. e4 fxe4 5. Nxe4 Be7 6. Bxf6 Bxf6 7. Nf3 b6 8. Bd3 Bb7 9. Qe2 Qe7 10. 0-0-0 Nc6 11. c3 0-0-0 12. Kb1 Kb8 13. Rhe1 Qf7 14. Nfg5 Qe7 15. Nf3 Qf7 16. Qc2 Ne7 17. Ne5 Bxe5 18. dxe5 Nd5 19. g3 h6 20. a3 g5 21. c4 Ne7 22. Nf6 Nc6 23. f4 d6 24. Be4 dxe5 25. Bxc6 Qxf6 26. Bxb7 Kxb7 27. Qe4+ c6 28. fxe5 Qf2 29. Rd6 Rxd6 30. exd6 Rd8 31. Qxe6 Rxd6 32. Qxd6 Qxe1+ 33. Ka2 Qe2 34. Qd7+ Kb8 35. Qxc6 Qxh2 36. g4 Qe2 37. Qd6+ Kb7 38. Qd5+ Ka6 39. Qb5+ Kb7 40. Qd7+ Kb8 41. Qd8+ Kb7 42. Qd7+ Kb8 43. Qd8+ Kb7 44. Qd7+ 1/2-1/2

[Event "GER-ch Net blitz qual3"]
[Site "Playchess.com INT"]
[Date "2021.05.07"]
[Round "9"]
[White "Bardorz, Jana"]
[Black "Brunke, Pascal"]
[Result "0-1"]
[WhiteElo "1794"]
[BlackElo "2011"]
[PlyCount "48"]
[EventDate "2021.05.07"]
[EventType "swiss (blitz)"]
[EventRounds "11"]
[EventCountry "GER"]
[SourceTitle "CBM 202 Extra"]
[Source "ChessBase"]
[SourceDate "2021.07.31"]
[SourceVersion "1"]
[SourceVersionDate "2021.07.31"]
[SourceQuality "1"]

1. e4 b6 2. d4 Bb7 3. Bd3 e6 4. Nf3 Nf6 5. e5 Nd5 6. c4 Nb4 7. Nc3 Nxd3+ 8. Qxd3 c5 9. d5 Na6 10. 0-0 exd5 11. cxd5 Nb4 12. Qd1 d6 13. e6 f6 14. a3 Na6 15. Nh4 g6 16. Qg4 Nc7 17. Nxg6 Rg8 18. Re1 Rxg6 19. Qh5 Qe7 20. b4 0-0-0 21. bxc5 dxc5 22. Bf4 Nxd5 23. Nxd5 Rxd5 24. Qe2 Rxg2+ 0-1

[Event "GER-ch Net blitz qual3"]
[Site "Playchess.com INT"]
[Date "2021.05.07"]
[Round "2"]
[White "Cofman, Veaceslav"]
[Black "Brunke, Pascal"]
[Result "1-0"]
[WhiteElo "2220"]
[BlackElo "2011"]
[PlyCount "113"]
[EventDate "2021.05.07"]
[EventType "swiss (blitz)"]
[EventRounds "11"]
[EventCountry "GER"]
[SourceTitle "CBM 202 Extra"]
[Source "ChessBase"]
[SourceDate "2021.07.31"]
[SourceVersion "1"]
[SourceVersionDate "2021.07.31"]
[SourceQuality "1"]

1. d4 d5 2. c4 e6 3. Nf3 Nf6 4. Nc3 Be7 5. Bg5 0-0 6. cxd5 exd5 7. e3 c6 8. Bd3 Nbd7 9. Qc2 h6 10. Bf4 Re8 11. 0-0 Nf8 12. h3 Bd6 13. Ne5 Ne6 14. Bh2 c5 15. Nb5 c4 16. Bf5 Bb8 17. Nc3 Bd6 18. b3 g6 19. Bxg6 fxg6 20. Qxg6+ Ng7 21. Bf4 Bf5 22. Qf7+ Kh7 23. g4 Rf8 24. Qxb7 Be4 25. Nc6 Qc8 26. Qxc8 Rfxc8 27. Bxd6 Rxc6 28. Be5 Nd7 29. f4 cxb3 30. Nxe4 dxe4 31. axb3 Ne6 32. d5 Nxe5 33. fxe5 Rb6 34. dxe6 Rxe6 35. Ra5 Kg6 36. Rf4 Rb8 37. Rxe4 Rxb3 38. Rxa7 Rb5 39. Kf2 Rc5 40. h4 h5 41. Kg3 hxg4 42. Rxg4+ Kf5 43. Rf7+ Kxe5 44. Rg5+ Kd6 45. Rxc5 Kxc5 46. Kf4 Ra6 47. Rf5+ Kc4 48. h5 Ra1 49. h6 Rh1 50. Kg5 Kd3 51. Re5 Rg1+ 52. Kf6 Rh1 53. Kg6 Rg1+ 54. Rg5 Ra1 55. h7 Ra8 56. Kh6 Kxe3 57. Rg8 1-0

[Event "GER-ch Net blitz qual2"]
[Site "Playchess.com INT"]
[Date "2021.05.04"]
[Round "2"]
[White "Koelle, Tobias"]
[Black "Brunke, Pascal"]
[Result "1-0"]
[WhiteElo "2324"]
[BlackElo "1905"]
[PlyCount "103"]
[EventDate "2021.05.04"]
[EventType "swiss (blitz)"]
[EventRounds "11"]
[EventCountry "GER"]
[SourceTitle "CBM 202 Extra"]
[Source "ChessBase"]
[SourceDate "2021.07.31"]
[SourceVersion "1"]
[SourceVersionDate "2021.07.31"]
[SourceQuality "1"]

1. d4 f5 2. e4 fxe4 3. Nc3 Nf6 4. Bg5 g6 5. h4 Bg7 6. h5 d5 7. h6 Bf8 8. Nh3 Nc6 9. Nf4 e6 10. Bb5 Be7 11. f3 exf3 12. gxf3 Qd6 13. Qe2 Bd7 14. 0-0-0 0-0-0 15. Bxc6 Qxc6 16. Nd3 Rhf8 17. Ne5 Qb6 18. Rhe1 Ng8 19. Qg2 Qd6 20. Be3 a6 21. Kb1 Bf6 22. Bf4 Qb6 23. Qh2 Ne7 24. Ne2 Nc6 25. Ng4 Bh8 26. Bg5 Rde8 27. Ne5 Bxe5 28. dxe5 Rxf3 29. Bf6 Na5 30. Nd4 Nc4 31. Nb3 Rf2 32. Qg1 a5 33. Rd4 Rf5 34. Rg4 Qxg1 35. Rgxg1 b6 36. Kc1 Rh5 37. Bg7 Re7 38. Rgf1 Kb7 39. Rf8 Rf5 40. Rh8 g5 41. Rxh7 Nxe5 42. Nd4 Ng6 43. Nxf5 exf5 44. Rxe7 Nxe7 45. Bf6 f4 46. Rxe7 f3 47. Bxg5 Bf5 48. Be3 Kc6 49. Rf7 d4 50. Bxd4 Bg6 51. Rxf3 Kd5 52. Bxb6 1-0

[Event "GER-ch Net blitz qual5"]
[Site "Playchess.com INT"]
[Date "2020.03.28"]
[Round "13"]
[White "Laux, Dominik"]
[Black "Brunke, Pascal"]
[Result "1-0"]
[WhiteElo "2009"]
[BlackElo "1973"]
[PlyCount "129"]
[EventDate "2020.03.28"]
[EventType "swiss (blitz)"]
[EventRounds "13"]
[EventCountry "GER"]
[SourceTitle "CBM 195 Extra"]
[Source "ChessBase"]
[SourceDate "2020.05.31"]
[SourceVersion "1"]
[SourceVersionDate "2020.05.31"]
[SourceQuality "1"]

1. d4 f5 2. Nf3 Nf6 3. g3 g6 4. Bg2 Bg7 5. c4 0-0 6. b4 d6 7. Bb2 a5 8. b5 c6 9. bxc6 bxc6 10. 0-0 Qb6 11. Qb3 Qxb3 12. axb3 Ne4 13. Nc3 Nd7 14. Nxe4 fxe4 15. Nd2 d5 16. e3 e5 17. Rfc1 exd4 18. Bxd4 Bxd4 19. exd4 Nf6 20. cxd5 cxd5 21. Rc5 Ng4 22. Rxd5 Nxf2 23. Re5 Rb8 24. Raxa5 Bg4 25. Ra7 Nh3+ 26. Bxh3 Bxh3 27. Ree7 Rfc8 28. Nxe4 Rc1+ 29. Kf2 Rf1+ 30. Ke2 Rf5 31. Rg7+ Kf8 32. Rxh7 Bg4+ 33. Kd2 Kg8 34. Rhg7+ Kf8 35. Rxg6 Bf3 36. Nd6 Be4 37. Nxe4 Rd8 38. Rf6+ Rxf6 39. Nxf6 Rxd4+ 40. Kc3 Rd1 41. Ra2 Kf7 42. Ne4 Re1 43. Nc5 Rc1+ 44. Kb4 Re1 45. Kb5 Ke7 46. b4 Kd6 47. Kb6 Kd5 48. b5 Rb1 49. Nd7 Rf1 50. Rd2+ Kc4 51. Ne5+ Kb4 52. Rd4+ Kc3 53. Rc4+ Kb3 54. Kc5 Rf5 55. Kd5 Rf8 56. Rc6 Kb4 57. b6 Kb5 58. Ke6 Rh8 59. h4 Rg8 60. g4 Rh8 61. h5 Rh6+ 62. Kf5 Rh8 63. Rg6 Kc5 64. b7 Kd5 65. Nd7 1-0

[Event "GER-ch Net blitz qual4"]
[Site "Playchess.com INT"]
[Date "2020.03.23"]
[Round "4"]
[White "Wiedenbruch, Paul"]
[Black "Brunke, Pascal"]
[Result "0-1"]
[WhiteElo "1878"]
[BlackElo "1973"]
[PlyCount "46"]
[EventDate "2020.03.23"]
[EventType "swiss (blitz)"]
[EventRounds "9"]
[EventCountry "GER"]
[SourceTitle "CBM 195 Extra"]
[Source "ChessBase"]
[SourceDate "2020.05.31"]
[SourceVersion "1"]
[SourceVersionDate "2020.05.31"]
[SourceQuality "1"]

1. e4 e6 2. d4 d5 3. Nc3 Nf6 4. Bg5 dxe4 5. Nxe4 Nbd7 6. Nf3 Be7 7. Nxf6+ Bxf6 8. Bxf6 Qxf6 9. Bd3 0-0 10. c3 c5 11. 0-0 cxd4 12. Nxd4 b6 13. Be4 Rb8 14. Nc6 Nc5 15. Nxb8 Nxe4 16. Nc6 Bb7 17. Nd4 Qg6 18. f3 Ng5 19. Kh1 e5 20. Ne2 e4 21. f4 Nf3 22. gxf3 exf3 23. Nd4 Qg2# 0-1

[Event "GER-ch Net blitz qual3"]
[Site "Playchess.com INT"]
[Date "2020.03.21"]
[Round "6"]
[White "Brunke, Pascal"]
[Black "Brunke, Christian"]
[Result "1-0"]
[WhiteElo "1973"]
[BlackElo "2146"]
[PlyCount "123"]
[EventDate "2020.03.21"]
[EventType "swiss (blitz)"]
[EventRounds "9"]
[EventCountry "GER"]
[SourceTitle "CBM 195 Extra"]
[Source "ChessBase"]
[SourceDate "2020.05.31"]
[SourceVersion "1"]
[SourceVersionDate "2020.05.31"]
[SourceQuality "1"]

1. e4 e5 2. Nf3 d6 3. d4 exd4 4. Nxd4 Nf6 5. Nc3 Be7 6. Bc4 0-0 7. 0-0 a6 8. a4 Nbd7 9. f3 Nc5 10. Be3 Ne6 11. Nxe6 Bxe6 12. Bxe6 fxe6 13. Qe2 e5 14. Qc4+ Kh8 15. Rfd1 Qc8 16. a5 c6 17. Na4 Qe8 18. Qb3 Rb8 19. Ba7 Rd8 20. Qxb7 Rd7 21. Qxa6 Qa8 22. Nb6 Qxa7 23. Qc4 h6 24. Kh1 c5 25. Nxd7 Qxd7 26. b4 cxb4 27. Qxb4 d5 28. Qb6 d4 29. a6 Ra8 30. a7 Qc8 31. Rdb1 Nd7 32. Qb7 Bc5 33. Qxc8+ Rxc8 34. a8Q Rxa8 35. Rxa8+ Kh7 36. Rd8 Nf6 37. Rb5 Be7 38. Ra8 Nh5 39. Rxe5 Bf6 40. Rd5 Nf4 41. Ra4 Nxd5 42. exd5 Kg6 43. Kg1 Kf5 44. Kf2 Ke5 45. Ra5 Bd8 46. Rb5 Kd6 47. Ke2 Bf6 48. Kd3 Be5 49. g3 Bf6 50. Ke4 h5 51. Rb6+ Kc5 52. Rxf6 gxf6 53. d6 Kxd6 54. Kxd4 Ke6 55. c4 Kf5 56. c5 h4 57. c6 hxg3 58. hxg3 Kg5 59. c7 f5 60. c8Q f4 61. gxf4+ Kxf4 62. Qg4# 1-0

[Event "GER-ch Net blitz qual3"]
[Site "Playchess.com INT"]
[Date "2020.03.21"]
[Round "5"]
[White "Brunke, Pascal"]
[Black "Federau, Juergen1111"]
[Result "1-0"]
[WhiteElo "1973"]
[BlackElo "2124"]
[PlyCount "99"]
[EventDate "2020.03.21"]
[EventType "swiss (blitz)"]
[EventRounds "9"]
[EventCountry "GER"]
[SourceTitle "CBM 195 Extra"]
[Source "ChessBase"]
[SourceDate "2020.05.31"]
[SourceVersion "1"]
[SourceVersionDate "2020.05.31"]
[SourceQuality "1"]

1. e4 e6 2. d4 d5 3. Nd2 c5 4. exd5 exd5 5. Ndf3 Nf6 6. c3 Nc6 7. Bb5 Qb6 8. a4 Be7 9. Ne2 0-0 10. 0-0 c4 11. Bxc6 bxc6 12. h3 c5 13. dxc5 Bxc5 14. Ned4 Re8 15. Qc2 Ne4 16. Bf4 Bd7 17. a5 Qf6 18. Bh2 Rad8 19. Rae1 h6 20. Ne5 Rxe5 21. Bxe5 Qxe5 22. Nf3 Qf6 23. b4 cxb3 24. Qxb3 Qxc3 25. Qxd5 Nf6 26. Qa2 Be6 27. Qa4 Qb4 28. Qa1 Bc4 29. Rb1 Qa3 30. Rfc1 Qxa1 31. Rxa1 Bd4 32. Ra4 Bb5 33. Rxd4 Re8 34. Re1 Rc8 35. Re7 a6 36. Ne5 Rc1+ 37. Kh2 Re1 38. f4 Bf1 39. Rd8+ Kh7 40. Rh8+ Kxh8 41. Nxf7+ Kg8 42. Rxe1 Kxf7 43. Rxf1 Nd5 44. Rb1 Kf6 45. Rb6+ Kf5 46. Rxa6 Nxf4 47. Ra7 g5 48. Rf7+ Ke6 49. Rxf4 gxf4 50. a6 1-0

[Event "GER-ch Net blitz qual3"]
[Site "Playchess.com INT"]
[Date "2020.03.21"]
[Round "8"]
[White "Schulz, Karsten"]
[Black "Brunke, Pascal"]
[Result "1/2-1/2"]
[WhiteElo "2301"]
[BlackElo "1973"]
[PlyCount "216"]
[EventDate "2020.03.21"]
[EventType "swiss (blitz)"]
[EventRounds "9"]
[EventCountry "GER"]
[SourceTitle "CBM 195 Extra"]
[Source "ChessBase"]
[SourceDate "2020.05.31"]
[SourceVersion "1"]
[SourceVersionDate "2020.05.31"]
[SourceQuality "1"]

1. Nf3 f5 2. g3 Nf6 3. Bg2 g6 4. c4 Bg7 5. Nc3 d6 6. d3 0-0 7. Rb1 Nc6 8. b4 a6 9. 0-0 e5 10. a4 Qe7 11. Bg5 h6 12. Nd5 Qf7 13. Nxf6+ Bxf6 14. Bxh6 Re8 15. b5 axb5 16. axb5 Nd8 17. Bg5 Bg7 18. Bxd8 Rxd8 19. Ng5 Qf6 20. Bd5+ Kh8 21. Nf7+ Kh7 22. Nxd8 Qxd8 23. f4 Qe8 24. Qd2 c6 25. bxc6 bxc6 26. Bg2 e4 27. dxe4 fxe4 28. Qxd6 Bg4 29. Rb7 Bxe2 30. Qf6 Qf8 31. Qxf8 Rxf8 32. Re1 Bxc4 33. Rxe4 Bf7 34. Ree7 Bd4+ 35. Kh1 Kg7 36. Bxc6 Kf6 37. Rxf7+ Rxf7 38. Rxf7+ Kxf7 39. Kg2 Kg7 40. Kf3 Bc5 41. h4 Kh6 42. Kg4 Be7 43. Be4 Bd6 44. Kf3 Be7 45. Bd5 Bd8 46. Kg4 Be7 47. Bc6 Bd6 48. Be8 Bc7 49. h5 gxh5+ 50. Bxh5 Kg7 51. Be8 Kf6 52. Ba4 Bd6 53. Bc2 Bf8 54. Kf3 Bd6 55. Kg4 Kg7 56. Kf5 Bc7 57. g4 Bd8 58. Bb3 Bc7 59. Bc4 Bb8 60. g5 Bc7 61. Kg4 Bd6 62. Ba2 Bc7 63. Kf3 Bd6 64. Bb1 Bc7 65. Ke4 Bd6 66. Kf3 Bc7 67. Kg4 Bd6 68. f5 Be7 69. Kf4 Bd8 70. Bd3 Be7 71. Bb5 Bd8 72. Be8 Be7 73. Bh5 Bd8 74. Kg4 Be7 75. Be8 Bd8 76. Kh5 Be7 77. Bc6 Bd8 78. Bb5 Be7 79. Kg4 Bd8 80. Kf4 Be7 81. Be2 Bd8 82. Bh5 Be7 83. Bg4 Bd8 84. Bf3 Be7 85. Bh5 Bd8 86. g6 Bf6 87. Be2 Bb2 88. Bd3 Bf6 89. Ke4 Bb2 90. Kd5 Bf6 91. Bb5 Bb2 92. Kc4 Ba1 93. Kb3 Bf6 94. Bd3 Be5 95. Kb4 Bf6 96. Kc5 Be5 97. Kd5 Bf6 98. Ke6 Ba1 99. Kd7 Bb2 100. Ke8 Ba1 101. f6+ Bxf6 102. Kd7 Be5 103. Ke6 Ba1 104. Kf5 Bb2 105. Bc4 Ba1 106. Bg8 Kxg8 107. g7 Bb2 108. Ke4 Bxg7 1/2-1/2

[Event "GER-ch Net blitz qual2"]
[Site "Playchess.com INT"]
[Date "2020.03.16"]
[Round "2"]
[White "Boder, Jan"]
[Black "Brunke, Pascal"]
[Result "1-0"]
[WhiteElo "2103"]
[BlackElo "1973"]
[PlyCount "143"]
[EventDate "2020.03.16"]
[EventType "swiss (blitz)"]
[EventRounds "9"]
[EventCountry "GER"]
[SourceTitle "CBM 195 Extra"]
[Source "ChessBase"]
[SourceDate "2020.05.31"]
[SourceVersion "1"]
[SourceVersionDate "2020.05.31"]
[SourceQuality "1"]

1. c4 f5 2. g3 Nf6 3. Bg2 g6 4. Nc3 Bg7 5. b4 0-0 6. Bb2 d6 7. d3 c6 8. e3 e5 9. Nge2 Be6 10. 0-0 Qc7 11. b5 a6 12. a4 axb5 13. axb5 Rxa1 14. Qxa1 Nbd7 15. bxc6 bxc6 16. Qa4 Nc5 17. Qc2 e4 18. dxe4 Nfxe4 19. Nxe4 fxe4 20. Bxg7 Qxg7 21. Bxe4 Nxe4 22. Qxe4 Bh3 23. Rd1 Qf6 24. Nf4 Bg4 25. f3 Bd7 26. Qd4 g5 27. Qxd6 gxf4 28. Qxf6 Rxf6 29. Rxd7 fxg3 30. f4 gxh2+ 31. Kxh2 Re6 32. Rd3 Re4 33. Rc3 Kf7 34. Kg3 Kf6 35. Kf3 Kf5 36. c5 h5 37. Rc1 h4 38. Rh1 Rc4 39. Rxh4 Kf6 40. Rh6+ Kf5 41. Rxc6 Rxf4+ 42. Ke2 Rc4 43. Kd3 Rc1 44. Rc8 Ke5 45. e4 Rd1+ 46. Kc4 Rc1+ 47. Kb5 Kxe4 48. Rd8 Ke5 49. Kc6 Ke6 50. Kb6 Ke7 51. Rd2 Rb1+ 52. Kc7 Ke6 53. c6 Rc1 54. Kb7 Rb1+ 55. Kc8 Ra1 56. c7 Ke7 57. Re2+ Kf7 58. Re4 Rb1 59. Kd7 Rd1+ 60. Kc6 Rc1+ 61. Kb6 Rc2 62. Re5 Kf6 63. Rc5 Rb2+ 64. Kc6 Re2 65. c8Q Re6+ 66. Qxe6+ Kxe6 67. Rc1 Ke7 68. Re1+ Kf6 69. Kd6 Kg5 70. Ke5 Kg4 71. Rf1 Kg3 72. Ke4 1-0

[Event "GER-ch Net blitz qual2"]
[Site "Playchess.com INT"]
[Date "2020.03.16"]
[Round "3"]
[White "Brunke, Pascal"]
[Black "Hoke, Adrian Neo"]
[Result "1-0"]
[WhiteElo "1973"]
[BlackElo "1575"]
[PlyCount "119"]
[EventDate "2020.03.16"]
[EventType "swiss (blitz)"]
[EventRounds "9"]
[EventCountry "GER"]
[SourceTitle "CBM 195 Extra"]
[Source "ChessBase"]
[SourceDate "2020.05.31"]
[SourceVersion "1"]
[SourceVersionDate "2020.05.31"]
[SourceQuality "1"]

1. e4 e5 2. Nf3 Nc6 3. Bc4 Bc5 4. c3 Nf6 5. d4 exd4 6. cxd4 Bb4+ 7. Nc3 Nxe4 8. 0-0 Bxc3 9. d5 Bf6 10. Re1 0-0 11. Rxe4 Na5 12. Bd3 b6 13. Rg4 d6 14. Rg3 Re8 15. Bh6 Nb7 16. Qc2 g6 17. Rc1 Nc5 18. Bb5 Bd7 19. Bf1 Rc8 20. b4 Ne4 21. Ba6 Nxg3 22. hxg3 Bf5 23. Qc4 Rb8 24. Qxc7 Qxc7 25. Rxc7 Re7 26. Rc6 Rd7 27. Bf4 Be7 28. Nd4 Be4 29. Bc4 g5 30. Be3 Bf6 31. Nb5 Be7 32. f3 Bg6 33. Kf2 a6 34. Nd4 b5 35. Bb3 Bf6 36. Rxa6 Bxd4 37. Bxd4 Rc8 38. Rc6 Rxc6 39. dxc6 Rc7 40. Bd5 Kf8 41. Bb6 Rc8 42. c7 Ke7 43. Bc6 Bf5 44. Bxb5 Bd7 45. Ba6 Ra8 46. b5 Bc8 47. Bxc8 Rxc8 48. a4 Kd7 49. a5 d5 50. Ke3 Kd6 51. a6 f5 52. Kd4 h6 53. Ba5 h5 54. b6 Kc6 55. b7 Rxc7 56. Bxc7 Kxc7 57. Kxd5 Kb8 58. Ke5 Ka7 59. Kxf5 Kb8 60. Kxg5 1-0

[Event "GER-ch Net blitz qual2"]
[Site "Playchess.com INT"]
[Date "2020.03.16"]
[Round "4"]
[White "Brunke, Pascal"]
[Black "Kollars, Dmitrij"]
[Result "0-1"]
[WhiteElo "1973"]
[BlackElo "2592"]
[PlyCount "50"]
[EventDate "2020.03.16"]
[EventType "swiss (blitz)"]
[EventRounds "9"]
[EventCountry "GER"]
[SourceTitle "CBM 195 Extra"]
[Source "ChessBase"]
[SourceDate "2020.05.31"]
[SourceVersion "1"]
[SourceVersionDate "2020.05.31"]
[SourceQuality "1"]

1. e4 e5 2. Nf3 Nc6 3. Bc4 Nf6 4. Ng5 d5 5. exd5 Na5 6. Bb5+ c6 7. dxc6 bxc6 8. Be2 h6 9. Nf3 e4 10. Ne5 Bd6 11. d4 exd3 12. Nxd3 0-0 13. Bf4 c5 14. Bxd6 Qxd6 15. Bf3 Re8+ 16. Kf1 Rb8 17. b3 c4 18. bxc4 Nxc4 19. Nd2 Ne5 20. Nxe5 Qxe5 21. Nb3 Ba6+ 22. Kg1 Rbd8 23. Qc1 g5 24. g3 Qf5 25. Kg2 Qxf3+ 0-1